| 000 | 01036nas a2200337 4500 | ||
|---|---|---|---|
| 001 | BR2018000871 | ||
| 003 | BR-BrBNA | ||
| 005 | 20231205131314.0 | ||
| 007 | ta | ||
| 008 | 230509b bl.|||p| |||| 00| 00por d | ||
| 040 |
_aBR-BrBNA _bpor _cBiblioteca Nacional de Agricultura |
||
| 041 | _a(Pt) | ||
| 072 | _aK10 | ||
| 100 | 1 | _aDionísio, L.F.S. | |
| 100 | 1 | _aAraújo, H.X. de | |
| 100 | 1 | _aCorreia, R.G. | |
| 100 | 1 | _aMartins, W.B.R. | |
| 100 | 1 | _aCosta, J.S. da | |
| 100 | 1 | _aMaciel, F.C. da S. | |
| 245 | 1 | _aInfluência do primeiro desbaste na morfometria de Tectona grandis L.f. em Roraima | |
| 650 | _aTECTONA GRANDIS | ||
| 650 | _aTECA | ||
| 650 | _aÁRVORE ANGIOSPERMA | ||
| 650 | _aFLORESTA | ||
| 650 | _aMANEJO | ||
| 650 | _aESTRUTURA VEGETAL | ||
| 773 | 0 |
_tFloresta e Ambiente (Brazil) _xISSN 2179-8087 _g(2018), v. 25(1) p. 1-8 _wBR2018000871 |
|
| 856 | 4 | 0 | _uhttp://www.scielo.br/pdf/floram/v25n1/2179-8087-floram-25-1-e00118214.pdf |
| 909 |
_a202311 _bLúcia _c55 _dLúcia Elande |
||
| 942 |
_2AGRIS _n0 _cANA |
||
| 999 |
_c254086 _d254086 |
||